Amiért a megrendelt munka késik egy interpelláció nyomában /

Elmentve itt :
Bibliográfiai részletek
Szerző: Lődi Ferenc
Dokumentumtípus: Cikk
Megjelent: 1967-11-26
Sorozat:Délmagyarország 57 No. 280
Kulcsszavak:Markos Károly, III. kerületi tanács, Vízellátás Szeged 1967
Online Access:http://dmarchiv.bibl.u-szeged.hu/72331
LEADER 00534nab a2200157 i 4500
001 delm72331
005 20180928082610.0
008 180928s1967 hu o 0|| hun d
040 |a SZTE Délmagyarország Archívum  |b hun 
041 |a hun 
100 1 |a Lődi Ferenc 
245 1 0 |a Amiért a megrendelt munka késik   |h [elektronikus dokumentum] :  |b egy interpelláció nyomában /  |c  Lődi Ferenc 
260 |c 1967-11-26 
300 |a 5 
490 0 |a Délmagyarország  |v 57 No. 280 
695 |a Markos Károly, III. kerületi tanács, Vízellátás Szeged 1967